000 00428 a2200157 4500
040 _aDLC
_bDLC
082 _a 301
100 _aMacionis, John J.
245 _aSociology
_cJohn J.Macionis
250 _a2nd ed
260 _aIslamabad:
_bNational Book Foundation,
_c1989.
300 _axxi, 671 p.
_b: ill
_c; 27 cm.
500 _aIncludes bibliographical references and index
650 _a Sociology.
942 _cBK
_k301 MAC
_2ddc
999 _c7227
_d7227